000 00494nam a2200205Ia 4500
003 GCL
008 140319s9999 xx 000 0 eng d
040 _aGCL /
_cGCL
082 0 4 _aCH
_b823.087
_bB L
100 1 _aBURNETT, FRANCES
245 1 0 _aA LITTLE PRINCESS /
_cBURNETT, FRANCES
700 1 _aHODGSON
260 _a[S.N] :
_bLADYBURD BOOKS
300 _a50 p p
650 0 4 _aLITERATURE
650 0 4 _aCHILDREN
650 0 4 _aTALES
650 0 4 _aCHILDREN - STORIES
942 _2ddc
_cBK
999 _c17829
_d17829